| Tag |
First Indicator |
Second Indicator |
Subfields |
| LEADER |
00000cam a2200000 i 4500 |
| 001 |
in00004028921 |
| 005 |
20211202194741.0 |
| 006 |
m o d f |
| 007 |
cr mnu|||uuaun |
| 008 |
040227s1998 dcuab ob f000 0 eng c |
| 019 |
|
|
|a 896811454
|
| 035 |
|
|
|a (OCoLC)ocm54498140
|
| 040 |
|
|
|a BUF
|b eng
|e rda
|e pn
|c BUF
|d OCLCQ
|d OCLCG
|d OCLCQ
|d OCLCF
|d OCLCO
|d COP
|d OCLCQ
|d GPO
|d MvI
|d UtOrBLW
|
| 042 |
|
|
|a pcc
|
| 043 |
|
|
|a e-po---
|
| 049 |
|
|
|a WWW
|
| 074 |
|
|
|a 0624 (online)
|
| 086 |
0 |
|
|a I 19.16:1596
|
| 245 |
0 |
0 |
|a Geochemical studies of rare earth elements in the Portuguese Pyrite Belt, and geologic and geochemical controls on gold distribution /
|c edited by David J. Grimes and S.J. Kropschot.
|
| 264 |
|
1 |
|a Washington :
|b United States Government Printing Office,
|c 1998.
|
| 300 |
|
|
|a iv, 40 pages :
|b illustrations, maps ;
|c 28 cm.
|
| 336 |
|
|
|a text
|b txt
|2 rdacontent
|
| 337 |
|
|
|a computer
|b c
|2 rdamedia
|
| 338 |
|
|
|a online resource
|b cr
|2 rdacarrier
|
| 490 |
1 |
|
|a U.S. Geological Survey professional paper ;
|v 1596
|
| 500 |
|
|
|a "Prepared with the support and cooperation of the Luso American Development Foundation, the Serviços Geológicos de Portugal, and the Serviço de Fomento Mineiro."
|
| 504 |
|
|
|a Includes bibliographical references (pages 28-29).
|
| 505 |
0 |
|
|a A. Rare earth element distribution in the volcanic lithostratigraphic units of the Portuguese Pyrite Belt / by David J. Grimes, Robert L. Earhart, and Delfim de Carvalho -- B. Geologic setting and geochemical controls on the distribution of gold in the Portuguese Pyrite Belt / by Robert L. Earhart [and others].
|
| 588 |
|
|
|a Description based on online resource, PDF version; title from PDF title page (USGS, viewed February 27, 2004).
|
| 650 |
|
0 |
|a Geochemistry
|z Portugal.
|
| 650 |
|
0 |
|a Rare earth metals
|z Portugal.
|
| 650 |
|
0 |
|a Gold ores
|z Portugal.
|
| 650 |
|
7 |
|a Geochemistry.
|2 fast
|0 (OCoLC)fst00940343
|
| 650 |
|
7 |
|a Gold ores.
|2 fast
|0 (OCoLC)fst00944504
|
| 650 |
|
7 |
|a Rare earth metals.
|2 fast
|0 (OCoLC)fst01090143
|
| 651 |
|
7 |
|a Portugal.
|2 fast
|0 (OCoLC)fst01208476
|
| 700 |
1 |
|
|a Grimes, D. J.
|q (David J.),
|d 1943-
|e editor.
|0 http://id.loc.gov/authorities/names/n82077113
|
| 700 |
1 |
|
|a Kropschot, S. J.
|q (Susan J.),
|e editor.
|0 http://id.loc.gov/authorities/names/n84081849
|
| 710 |
2 |
|
|a Luso-American Development Foundation.
|0 http://id.loc.gov/authorities/names/no91002225
|
| 710 |
2 |
|
|a Serviços Geológicos de Portugal.
|0 http://id.loc.gov/authorities/names/n50078416
|
| 710 |
1 |
|
|a Portugal.
|b Serviço de Fomento Mineiro.
|0 http://id.loc.gov/authorities/names/n98006176
|
| 710 |
2 |
|
|a Geological Survey (U.S.),
|e issuing body.
|0 http://id.loc.gov/authorities/names/n80092173
|
| 776 |
0 |
8 |
|i Print version:
|t Geochemical studies of rare earth elements in the Portuguese Pyrite Belt, and geologic and geochemical controls on gold distribution
|w (DLC) 98010121
|w (OCoLC)38281291
|
| 776 |
0 |
8 |
|i Microfiche version:
|t Geochemical studies of rare earth elements in the Portuguese Pyrite Belt, and geologic and geochemical controls on gold distribution
|w (DLC) 98010121
|w (OCoLC)53112473
|
| 830 |
|
0 |
|a U.S. Geological Survey professional paper ;
|v 1596.
|0 http://id.loc.gov/authorities/names/n88643688
|
| 856 |
4 |
0 |
|u https://purl.fdlp.gov/GPO/LPS21277
|t 0
|
| 999 |
f |
f |
|s f2b1d6f3-2bfa-372d-9505-4b4f36e2a4d9
|i bd2d60d3-064b-3e5c-b3f5-ce8196a31680
|t 0
|
| 952 |
f |
f |
|a Texas A&M University
|b College Station
|c Electronic Resources
|d Available Online
|t 0
|e I 19.16:1596
|h Superintendent of Documents classification
|
| 998 |
f |
f |
|a I 19.16:1596
|t 0
|l Available Online
|